000 00843cab a2200241 4500
001 WB3230-35
008 090401t1996 xxu||||| |||| 00| 0 eng d
035 _a(Sirsi) u64575
041 _aeng
245 _aLandlord and tenant guides launched
260 _c1996
350 _a0
490 _aRICS Press Release
_v(PR101.let.t) & (F98.res) 2 August 1996 (8)
520 _aThe RICS has launched two guides which lay out the rights and responsibilities for potential landlords and tenants, "Letting out your property: a guide for would-be landlords" and " Renting a house or flat: a guide for would-be tenants". Details.
650 _aLETTING
650 _aPRIVATE RENTED SECTOR
650 _aRENTED HOUSING
650 _aRENTING
650 _aRICS
690 _aPROPERTY-LANDLORD AND TENANT
942 _n0
948 _c04/03/1997
999 _c40228
_d40228